LEADER 01250nam--2200409---450- 001 990003306640203316 005 20091028101952.0 010 $a978-88-15-13054-9 035 $a000330664 035 $aUSA01000330664 035 $a(ALEPH)000330664USA01 035 $a000330664 100 $a20090907d2009----km-y0itay50------ba 101 $aita 102 $aIT 105 $a||||||||001yy 200 1 $a<> fondi sovrani$fAlberto Quadrio Curzio, Valeria Miceli 210 $aBologna$cIl mulino$d2009 215 $a142 p.$d19 cm 225 2 $aFarsi un'idea$v169 410 0$12001$aFarsi un'idea$v, 169 606 0 $aStato$xInvestimenti esteri$2BNCF 676 $a332.67312 700 1$aQUADRIO CURZIO,$bAlberto$027982 701 1$aMICELI,$bValeria$0437580 801 0$aIT$bsalbc$gISBD 912 $a990003306640203316 951 $a332.673 MIC 1$b217410 L.M.$c332.673$d00226932 951 $a332.673 MIC 1a$b18251 EC.$c332.673 MIC$d00226934 959 $aBK 969 $aECO 979 $aCHIARA$b90$c20090907$lUSA01$h1221 979 $aFIORELLA$b90$c20091028$lUSA01$h1017 979 $aFIORELLA$b90$c20091028$lUSA01$h1019 979 $aFIORELLA$b90$c20091028$lUSA01$h1019 996 $aFondi sovrani$964427 997 $aUNISA LEADER 00909nas a2200241 i 4500 001 991002458589707536 005 20231114120413.0 008 011205m19689999it || | |ita 035 $ab1166308x-39ule_inst 035 $aPERLE000826$9ExL 080 $aCDU 02 229 0$aAnnuario. Biblioteca Civica di Massa 245 00$aAnnuario. Biblioteca Civica di Massa /$cBiblioteca Civica, Massa. - 1968- 260 $aPisa,$c1968- 591 $aCodice CNR: P 00095676 592 $aLE002 1976-1990; 710 2 $aBiblioteca Civica $eauthor$4http://id.loc.gov/vocabulary/relators/aut$0735177 907 $a.b1166308x$b04-06-09$c08-07-02 912 $a991002458589707536 945 $aLE002 D Ann. 764$g1$lle002$o-$pE0.00$q-$rn$so $t18$u0$v0$w0$x0$y.i11886407$z08-07-02 996 $aAnnuario. Biblioteca Civica di Massa$91452306 997 $aUNISALENTO 998 $ale002$b01-01-01$cs$da $e-$fita$git $h0$i1